| 000 | 01007namaa2200217 i 4500 | ||
|---|---|---|---|
| 001 | 118630 | ||
| 003 | ES-MaACL | ||
| 005 | 20250831072555.0 | ||
| 007 | t| | ||
| 008 | 070214m19691971sp abf 00110 spa d | ||
| 100 | 0 |
_aDaniel-Rops. _942631 |
|
| 245 | 1 | 0 |
_aHistoria de la Iglesia de Cristo / _cDaniel-Rops [seud]. |
| 260 |
_aMadrid : _bCírculo de Amigos de la Historia, _c1969-1971. |
||
| 300 |
_a12 v. : _bil., lám. mapas ; _c22 cm. |
||
| 500 | _aFalta v. 5. | ||
| 505 | 1 | _aI. Jesús en su tiempo - II. Los apóstoles y los mártires - III. La Iglesia de los tiempos bárbaros - IV. La catedral y la cruzada - VI. La reforma protestante - VII. La reforma católica - VIII. El gran siglo de las almas - IX. La era de los grandes hundimientos - X-XI. La Iglesia de las revoluciones- XII-XIII. Un combate por Dios - XIV. Estos cristianos, nuestros hermanos | |
| 650 | 0 | 7 |
_aHistoria eclesiástica _2embne _913400 |
| 700 | 2 |
_a _9241894 |
|
| 852 |
_aES-MaACL _jJ-36 |
||
| 999 |
_c118630 _d118630 |
||